000 00427nam a2200205Ia 4500
001 14350
003 GE_BSU
008 181216s||||||||xx |||||||||||||| ||und||
020 _a0140361456
040 _cGE_BSU
080 _a82-93
100 _aStrong,Jeremy
245 _aLighthing Lucy
260 _aLondon
260 _bPuffin books
260 _c1982
300 _a80p.20cm.
653 _aLighthing Lucy
942 _cBK
999 _c47486
_d47486